000 01442cam a22003615i 4500
999 _c27630
_d27601
001 018312573
003 EG-ScBUE
005 20190919104955.0
008 170419s2017 stka f b 001 0 eng d
020 _a9780702049811
040 _aStDuBDS
_beng
_erda
_cStDuBDS
_dEG-ScBUE
082 0 4 _a617.6
_bODE
_222
100 1 _aOdell, E. W.,
_eauthor.
245 1 0 _aCawson's essentials of oral pathology and oral medicine /
_cE. W. Odell, FDSRCS MSc PhD FRCPath professor of oral Pathology and Medicine, King's College London, Honorary Consultant in Oral Pathology, Guy's and St Thomas' NHS Foundation Trust, London.
246 3 0 _aEssentials of oral pathology and oral medicine
250 _aNinth edition.
250 _aInternational edition.
264 _aEdinburgh :
_bElsevier,
_c2017.
300 _axiii, 545 pages :
_billustrations (black and white, and colour) ;
_c28 cm
336 _atext
_btxt
_2rdacontent
337 _aunmediated
_bn
_2rdamedia
338 _avolume
_bnc
_2rdacarrier
500 _aPrevious edition: Edinburgh: Churchill Livingstone, 2008.
500 _aIncludes bibliographical references and index.
650 7 _aDentistry.
_2BUEsh
_939515
650 7 _aOral medicine.
_2BUEsh
_941422
650 7 _aMouth
_xDiseases.
_2BUEsh
_941359
651 _2BUEsh
653 _bDDENT
_cSeptember2019
655 _vText book
700 1 _aCawson, R. A.
_tEssentials of oral pathology and oral medicine.
942 _2ddc
_cTXT